000 00322nam a22001457a 4500
008 210429b ||||| |||| 00| 0 eng d
020 _a9781586482312
041 _aeng
080 _a070
082 _a070
100 _a38
101 _aMED
245 _aNever Coming to a theater near you
_cTuran,K
942 _2udc
_cBK
999 _c56966
_d56966